| 000 -LEADER |
| fixed length control field |
01072pab a2200133 454500 |
| 008 - FIXED-LENGTH DATA ELEMENTS--GENERAL INFORMATION |
| fixed length control field |
180718b xxu||||| |||| 00| 0 eng d |
| 100 ## - MAIN ENTRY--PERSONAL NAME |
| Personal name |
Hamid, Ahmad Sarji Bin Abdul |
| 245 ## - TITLE STATEMENT |
| Title |
Accountability in the public service |
| 520 ## - SUMMARY, ETC. |
| Summary, etc. |
The author believe that his or her behaviour in respect of accountability obligations, will set the tone for the department as a whole. Therefore, it is absolutely vital that the Head of Department strives to create a culture where the practice of accountability is internalized as a core value within the department . As such, the discharge of accountablity obligations, must not be treated as mere routine function that needs to be carried out because of external imposition. for example, we should not treat the process of financial auditing as a bothersome annual affair but should strive to provide the necessary information required of us in a responsible manner. And we can only do this if we are constanly aw |
| 650 ## - SUBJECT ADDED ENTRY--TOPICAL TERM |
| Topical term or geographic name entry element |
Public Service |
| 650 ## - SUBJECT ADDED ENTRY--TOPICAL TERM |
| Topical term or geographic name entry element |
Civil Service |
| 773 ## - HOST ITEM ENTRY |
| Main entry heading |
Asian Review of Public Administration |
| 909 ## - |
| -- |
21966 |